Normale Ansicht MARC-Ansicht ISBD

Capital, race and space (Titelsatznr. 63373)

[ MARC ]
MARC-Details
000 -Satzkennung
Kontrollfeld mit fester Länge 00827nac a2200265 ca4500
001 - Kontrollnummer
Kontrollfeld BV049036451
003 - Kontrollnummer Identifier
Kontrollfeld DE-604
005 - Datum und Zeit der letzten Transaktion
Kontrollfeld 20231003124148.0
007 - Feld mit fester Länge zur physischen Beschreibung - Allgemeine Information
Kontrollfeld mit fester Länge t
008 - Feld mit fester Länge zur physischen Beschreibung - Allgemeine Angaben
Kontrollfeld mit fester Länge 230705m2023uuuu |||| 00||| eng d
035 ## - Systemkontrollnummer
System-Kontrollnummer (DE-599)BVBBV049036451
040 ## - Katalogisierungsquelle
Original-Katalogisierungsstelle DE-604
Katalogisierungssprache ger
Übertragungsstelle RU-10907106
041 0# - Sprachcode
Sprachcode des Textes/der Tonspur oder des separaten Titels eng
100 1# - Haupteintragung - Personenname
Personenname Saull, Richard
Datumsangaben in Verbindung mit einem Namen 1969-
Funktionsbezeichnung Verfasser
IDN des Normdatensatzes oder Standardnummer (DE-588)173721699
Funktionsbezeichnungscode aut
Koha-Normdatenidentnummer 27102
245 10 - Titel
Titel Capital, race and space
Verfasserangabe etc. Richard Saull
264 #1 - Produktion, Veröffentlichung, Distribution, Herstellung und Urheberrechtsvermerk
Herstellungs-, Veröffentlichungs- Vertriebs-, Erzeugungsort Leiden ; Boston
Produzent, Herausgeber, Distributor, Hersteller Brill
Datum der Herstellung, der Veröffentlichung, des Vertriebs oder des Urheberschutzvermerks 2023-
300 ## - Physische Beschreibung
Umfang Online-Ressource
336 ## - Inhaltstyp
Inhaltstypterm Text
Inhaltstypcode txt
Quelle rdacontent
337 ## - Medientyp
Bezeichnung des Medientyps ohne Hilfsmittel zu benutzen
Medientypcode n
Quelle rdamedia
338 ## - Datenträgertyp
Datenträgertypbezeichnung Band
Datenträgertypcode nc
Quelle rdacarrier
490 0# - Gesamttitelangabe
Gesamttitelangabe Studies in critical social sciences
500 ## - Allgemeine Fußnote
Allgemeine Fußnote E-Book-ProQuest / Fernzugriff nach Registrierung möglich
500 ## - Allgemeine Fußnote
Allgemeine Fußnote URL siehe Bände
942 ## - Zusätzliche Felder (Koha)
Klassifikation oder Aufstellungssystematik Andere/Generische Klassifikation
Koha-Medientyp E-Books
Exemplare
Ausgeschieden Verloren Klassifikation oder Aufstellungssystematik Beschädigt Nicht entleihbar Heimatbibliothek Aufenthaltsbibliothek Aufstellungsort Erwerbungsdatum Inventarnummer Signatur Barcode Letzte Aktivität Preis gültig von Koha-Medientyp
    Andere/Generische Klassifikation     MWN Osteuropa MWN Osteuropa Online-Ressource 27/09/2023 23-e01335 E-23-e01335 66189 27/09/2023 27/09/2023 E-Books